[Event "2nd Hersonissos Open 2018"]
[Site "Hersonissos"]
[Date "2018.06.17"]
[Round "1"]
[White "Bit-Narva, David"]
[Black "Kealar, Ioannis"]
[Result "1-0"]
[WhiteElo "1926"]
[BlackElo "1142"]
[Annotator "NA"]
[PlyCount "75"]
[EventDate "2018.06.16"]
[EventType "swiss"]
[EventCountry "GRE"]
[SourceTitle "playchess.com"]
[Source "ChessBase"]
[SourceQuality "1"]
[TimeControl "5400+30"]

1. e4 {[%emt 0:00:00]} e5 {[%emt 0:00:14]} 2. Nf3 {[%emt 0:00:00]} Nc6 {[%emt 0:00:12]} 3. Bb5 {[%emt 0:00:00]} Bc5 {[%emt 0:02:05]} 4. O-O {[%emt 0:00:09]} d6 {[%emt 0:01:32]} 5. c3 {[%emt 0:00:32]} Bd7 {[%emt 0:05:34]} 6. d4 {[%emt 0:00:34]} Bb6 {[%emt 0:01:57]} 7. Re1 {[%emt 0:15:08]} Nf6 {[%emt 0:02:40]} 8. a4 {[%emt 0:09:10]} a6 {[%emt 0:03:06]} 9. Bf1 {[%emt 0:02:55]} h6 {[%emt 0:08:20]} 10. h3 O-O {[%emt 0:00:17]} 11. Na3 {[%emt 0:08:04]} Ba7 {[%emt 0:06:52]} 12. d5 {[%emt 0:03:54]} Ne7 {[%emt 0:02:05]} 13. b4 {[%emt 0:01:46]} b5 {[%emt 0:06:34]} 14. Bb2 {[%emt 0:07:46]} Qb8 {[%emt 0:08:27]} 15. axb5 {[%emt 0:04:00]} axb5 {[%emt 0:00:41]} 16. Qe2 {[%emt 0:02:00]} c6 {[%emt 0:10:00]} 17. dxc6 {[%emt 0:02:53]} Bxc6 {[%emt 0:00:54]} 18. Nxb5 {[%emt 0:02:59]} Nxe4 {[%emt 0:04:18]} 19. Nxa7 {[%emt 0:00:08]} Rxa7 {[%emt 0:03:12]} 20. Rxa7 {[%emt 0:10:46]} Qxa7 {[%emt 0:01:26]} 21. Ra1 {[%emt 0:00:19]} Qb6 {[%emt 0:01:47]} 22. Ra6 {[%emt 0:00:49]} Qb7 {[%emt 0:01:47]} 23. b5 {[%emt 0:09:27]} Bd7 {[%emt 0:02:28]} 24. Qe3 {[%emt 0:04:39]} Nf5 {[%emt 0:05:44]} 25. Qa7 {[%emt 0:01:34]} Qxa7 {[%emt 0:03:07]} 26. Rxa7 {[%emt 0:00:05]} Be6 {[%emt 0:00:27]} 27. g4 {[%emt 0:01:13]} Rb8 {[%emt 0:01:51]} 28. gxf5 {[%emt 0:00:04]} Bxf5 {[%emt 0:00:28]} 29. Bc4 {[%emt 0:00:57]} Be6 {[%emt 0:00:54]} 30. Bxe6 {[%emt 0:00:23]} fxe6 {[%emt 0:00:37]} 31. c4 {[%emt 0:00:08]} Nc5 {[%emt 0:01:36]} 32. Ba3 {[%emt 0:02:14]} Rb6 {[%emt 0:02:35]} 33. Bxc5 {[%emt 0:00:06]} dxc5 {[%emt 0:00:30]} 34. Nxe5 {[%emt 0:00:08]} Rd6 {[%emt 0:01:54]} 35. Ra8+ {[%emt 0:00:34]} Kh7 {[%emt 0:00:13]} 36. Rh8+ {[%emt 0:00:09]} Kxh8 {[%emt 0:00:18]} 37. Nf7+ {[%emt 0:00:02]} Kg8 {[%emt 0:00:14]} 38. Nxd6 {[%emt 0:00:05]} 1-0

[Event "2nd Hersonissos Open 2018"]
[Site "Hersonissos"]
[Date "2018.06.17"]
[Round "1"]
[White "Koutsourakis, Ioannis"]
[Black "Adair, James R"]
[Result "0-1"]
[WhiteElo "1560"]
[BlackElo "2485"]
[Annotator "TA"]
[PlyCount "88"]
[EventDate "2018.06.16"]
[EventType "swiss"]
[EventCountry "GRE"]
[SourceTitle "playchess.com"]
[Source "ChessBase"]
[SourceQuality "1"]

{[%evp 15,88,14,20,-14,21,-3,2,2,16,0,0,-4,0,-8,0,0,0,-12,-4,-27,0,0,0,0,0,0,-7,0,0,0,0,-56,-54,-54,-63,-57,-60,-66,-50,-58,-50,-50,-50,-60,-24,-44,-17,-17,-9,-9,-5,-45,-45,-49,-46,-49,-9,-9,-9,-9,-9,-9,-12,-47,-20,-53,-34,-53,-24,-41,0,0,0,0,0]} 1. d4 Nf6 2. c4 e6 3. Nc3 Bb4 4. e3 b6 5. Nf3 Bb7 6. Be2 O-O 7. O-O Bxc3 8. bxc3 d6 {LiveBook: 4 Games} 9. Bb2 {E43: Nimzo-Indian: Rubinstein: 4...b6} (9. Qc2 h6 10. Nd2 e5 11. a4 a5 12. Bb2 Nbd7 13. Rfe1 Re8 14. e4 exd4 15. cxd4 Bxe4 16. Nxe4 Rxe4 17. Bf3 Rxe1+ 18. Rxe1 {0-1 (40) Bilsel,S (2197)-Boehme,S (2559) Remote email 2011}) 9... c5 10. Bd3 $146 ({Predecessor:} 10. dxc5 bxc5 11. Qc2 Nbd7 12. Rad1 Qe7 13. Rfe1 Ne4 14. Bd3 f5 15. Nd2 Qh4 16. g3 Qh3 17. Nxe4 Ne5 18. Bf1 Nf3+ {0-1 (18) Santos Etxepare,A-Torrijos Alhambra,J ICCF email 2007}) 10... Re8 11. Re1 Ne4 12. Nd2 Nxd2 13. Qxd2 Nc6 14. e4 Na5 15. Re3 Ba6 16. Qe2 Rc8 17. Rc1 d5 18. cxd5 Bxd3 19. Qxd3 exd5 20. exd5 {Hoping for Rxe8+.} Rxe3 21. fxe3 cxd4 {aiming for ...Nc4.} 22. c4 dxe3 23. Bd4 {[#]} (23. d6 $11) 23... Qxd5 $1 $15 {[%mdl 512]} 24. cxd5 {[%cal Rc1c8]} Rxc1+ 25. Qf1 $1 {[%cal Rf1c1]} Rxf1+ 26. Kxf1 {[%mdl 4096] Endgame KB-KN} f5 27. Bxe3 Kf7 28. Ke2 Nc4 29. Bf4 Kf6 30. Kd3 Ne5+ 31. Kd4 Nd7 32. h4 h6 33. Bd6 g5 34. hxg5+ hxg5 35. g3 {[#]} f4 $1 {[%mdl 512]} 36. gxf4 g4 {With the idea ...Kf5.} 37. Ke4 Nc5+ 38. Ke3 $1 Kf5 39. Be5 a6 40. a3 Nd7 41. Bd4 Nf6 42. d6 $1 Ke6 43. Bxf6 $1 Kxf6 44. f5 $1 {Kf4 is the strong threat.} b5 {[%mdl 32768] Precision: White = 61%, Black = 46%. . Loss on Time!?} 0-1

[Event "2nd Hersonissos Open 2018"]
[Site "Hersonissos"]
[Date "2018.06.17"]
[Round "1"]
[White "Mateev, Kaloyan Mateev"]
[Black "Haug, Johannes"]
[Result "0-1"]
[WhiteElo "1539"]
[BlackElo "2401"]
[Annotator "NA"]
[PlyCount "91"]
[EventDate "2018.06.16"]
[EventType "swiss"]
[EventCountry "GRE"]
[SourceTitle "playchess.com"]
[Source "ChessBase"]
[SourceQuality "1"]
[TimeControl "5400+30"]

1. d4 {[%emt 0:01:51]} Nf6 {[%emt 0:00:05]} 2. Bf4 {[%emt 0:00:15]} e6 {[%emt 0:00:17]} 3. e3 {[%emt 0:00:27]} b6 {[%emt 0:00:09]} 4. Nf3 {[%emt 0:00:30]} Bb7 {[%emt 0:00:11]} 5. Nbd2 {[%emt 0:00:35]} d6 {[%emt 0:01:03]} 6. Bd3 {[%emt 0:01:22]} g6 {[%emt 0:00:22] A47: 1 d4 Nf6 2 Nf3 b6: Torre, London and Colle Systems} 7. c3 {[%emt 0:01:14]} Bg7 {[%emt 0:00:11]} 8. Qc2 {[%emt 0:02:14]} Nbd7 {[%emt 0:01:10]} 9. h3 {[%emt 0:07:12]} Qe7 {[%emt 0:00:45]} 10. O-O-O $146 {[%emt 0:08:41] [#]} ({Predecessor:} 10. e4 e5 11. Bh2 O-O 12. O-O Nh5 13. Rfe1 {½-½ (57) Fernandez,D (2481)-Indjic,A (2569) Budapest 2017}) 10... e5 $1 {[%emt 0:12:48]} 11. Bg5 {[%emt 0:00:28]} e4 {[%emt 0:00:49]} 12. Nxe4 {[%emt 0:11:58]} Bxe4 {[%emt 0:00:17]} 13. Bxe4 {[%emt 0:01:04]} Qxe4 {[%emt 0:00:07]} 14. Qxe4+ {[%emt 0:07:10]} Nxe4 {[%emt 0:00:04]} 15. Bh4 {[%emt 0:00:05]} f5 {[%emt 0:00:45]} 16. Ng5 {[%emt 0:03:47]} Bf6 {[%emt 0:01:01]} 17. Nxe4 {[%emt 0:03:53]} Bxh4 {[%emt 0:00:06]} 18. Ng3 {[%emt 0:01:14]} Bxg3 {[%emt 0:00:03]} 19. fxg3 {[%emt 0:00:08]} Nf6 {[%emt 0:00:12]} 20. Rhf1 {[%emt 0:02:42]} O-O {[%emt 0:00:17]} 21. Rf3 {[%emt 0:02:05]} h5 {[%emt 0:00:23]} 22. Kc2 {[%emt 0:07:33]} Rae8 {[%emt 0:00:10]} 23. Rdf1 {[%emt 0:09:43]} Re4 {[%emt 0:00:20]} 24. Kd3 {[%emt 0:01:01]} Rfe8 {[%emt 0:00:35]} 25. Re1 {[%emt 0:03:34]} b5 {[%emt 0:00:24]} 26. Rc1 {[%emt 0:04:56]} Nd5 {[%emt 0:00:19]} 27. Re1 {[%emt 0:00:46]} c5 {[%emt 0:00:08]} 28. a3 {[%emt 0:02:32]} a5 {[%emt 0:00:32]} 29. Re2 {[%emt 0:01:45]} Kf7 {[%emt 0:01:12]} 30. Kd2 {[%emt 0:00:59]} c4 {[%emt 0:00:06]} 31. Re1 {[%emt 0:00:41]} Rb8 {[%emt 0:00:17]} 32. Rc1 {[%emt 0:00:47]} Ke6 {[%emt 0:00:13]} 33. Ke2 {[%emt 0:01:08]} g5 $19 {[%emt 0:00:25]} 34. Rcf1 {[%emt 0:01:08]} Rf8 {[%emt 0:00:07]} 35. Kd2 {[%emt 0:00:22]} g4 {[%emt 0:00:08]} 36. R3f2 {[%emt 0:04:01]} Rxe3 {[%emt 0:00:21]} 37. Re2 {[%emt 0:03:06]} Rxe2+ {[%emt 0:00:09]} 38. Kxe2 {[%emt 0:00:04]} Kf6 {[%emt 0:00:30]} 39. h4 {[%emt 0:02:40]} Re8+ {[%emt 0:00:07]} 40. Kd2 {[%emt 0:00:00]} a4 {[%emt 0:00:00]} 41. Rf2 {[%emt 0:00:00]} Re3 {[%emt 0:00:00]} 42. Re2 {[%emt 0:00:00]} Rxe2+ {[%emt 0:00:00]} 43. Kxe2 {[%emt 0:00:00]} f4 {[%emt 0:00:00]} 44. Kf2 {[%emt 0:00:00]} Kf5 {[%emt 0:00:00]} 45. gxf4 {[%emt 0:00:00]} Kxf4 {[%emt 0:00:00]} 46. g3+ {[%emt 0:00:00] Ke5} 0-1

[Event "2nd Hersonissos Open 2018"]
[Site "Hersonissos"]
[Date "2018.06.17"]
[Round "1"]
[White "Vitsaxaki, Iris"]
[Black "L'ami, Alina"]
[Result "0-1"]
[WhiteElo "1443"]
[BlackElo "2307"]
[Annotator "NA"]
[PlyCount "60"]
[EventDate "2018.06.16"]
[EventType "swiss"]
[EventCountry "GRE"]
[SourceTitle "playchess.com"]
[Source "ChessBase"]
[SourceQuality "1"]
[TimeControl "5400+30"]

1. d4 {[%emt 0:00:00]} Nf6 {[%emt 0:00:16]} 2. Nf3 {[%emt 0:00:00]} g6 {[%emt 0:00:08]} 3. g3 {[%emt 0:00:27]} Bg7 {[%emt 0:00:21]} 4. Bg2 {[%emt 0:00:24]} O-O {[%emt 0:00:13]} 5. O-O {[%emt 0:01:38]} d6 {[%emt 0:00:35]} 6. Nbd2 {[%emt 0:02:06]} Nc6 {[%emt 0:05:22]} 7. c3 {[%emt 0:04:02]} Re8 {[%emt 0:08:11]} 8. Nc4 {[%emt 0:05:50]} Be6 {[%emt 0:02:33]} 9. Ne3 {[%emt 0:01:00]} Bd7 {[%emt 0:03:33]} 10. Nc2 {[%emt 0:04:11]} e5 {[%emt 0:07:25]} 11. dxe5 {[%emt 0:03:26]} dxe5 {[%emt 0:00:35]} 12. Re1 {[%emt 0:01:06]} e4 {[%emt 0:11:05]} 13. Nfd4 {[%emt 0:00:54]} Nxd4 {[%emt 0:02:14]} 14. Nxd4 {[%emt 0:00:41]} c5 {[%emt 0:00:20]} 15. Nc2 {[%emt 0:00:44]} b6 {[%emt 0:07:13]} 16. Bg5 {[%emt 0:04:05]} h6 {[%emt 0:05:33]} 17. Be3 {[%emt 0:01:03]} Qe7 {[%emt 0:06:22]} 18. f3 {[%emt 0:02:24]} (18. a4 $15) 18... Rad8 $17 {[%emt 0:00:38]} 19. Qc1 {[%emt 0:01:37]} Kh7 {[%emt 0:00:17]} 20. Bf2 {[%emt 0:00:54]} Bc6 {[%emt 0:01:57]} 21. Ne3 {[%emt 0:01:39]} exf3 {[%emt 0:01:26]} 22. exf3 {[%emt 0:00:38]} Qb7 {[%emt 0:00:09]} 23. Nc4 {[%emt 0:07:01]} Rxe1+ {[%emt 0:03:54]} 24. Qxe1 {[%emt 0:00:42]} Bxf3 {[%emt 0:00:12]} 25. Bxf3 {[%emt 0:00:32]} Qxf3 {[%emt 0:00:02]} 26. Qe7 {[%emt 0:09:10]} Ng4 {[%emt 0:11:35]} 27. Be1 {[%emt 0:06:19]} Rd1 {[%emt 0:02:15]} 28. Rxd1 {[%emt 0:00:14]} Qxd1 {[%emt 0:00:02]} 29. Kg2 {[%emt 0:01:06]} Qd5+ {[%emt 0:00:11]} 30. Kh3 {[%emt 0:01:30]} Qxc4 {[%emt 0:00:27]} 0-1

[Event "2nd Hersonissos Open 2018"]
[Site "Hersonissos"]
[Date "2018.06.17"]
[Round "1"]
[White "Koutsouraki, Ariadni"]
[Black "Ranaldi, Lucas"]
[Result "0-1"]
[WhiteElo "1373"]
[BlackElo "2283"]
[Annotator "NA"]
[PlyCount "68"]
[EventDate "2018.06.16"]
[EventType "swiss"]
[EventCountry "GRE"]
[SourceTitle "playchess.com"]
[Source "ChessBase"]
[SourceQuality "1"]
[TimeControl "5400+30"]

1. e4 {[%emt 0:00:00]} c5 {[%emt 0:02:06]} 2. Nf3 {[%emt 0:00:32]} d6 {[%emt 0:00:35]} 3. d4 {[%emt 0:02:21]} cxd4 {[%emt 0:00:08]} 4. Nxd4 {[%emt 0:00:12]} Nf6 {[%emt 0:00:11]} 5. Nc3 {[%emt 0:01:46]} a6 {[%emt 0:00:09]} 6. Be2 {[%emt 0:09:33]} e5 {[%emt 0:00:17]} 7. Nb3 {[%emt 0:00:16]} Be7 {[%emt 0:00:12]} 8. O-O {[%emt 0:02:48]} O-O {[%emt 0:01:49]} 9. Be3 {[%emt 0:01:42]} Nbd7 {[%emt 0:01:30]} 10. Qd2 {[%emt 0:07:30] B92: Sicilian Najdorf: 6 Be2} (10. a4 b6 11. Bc4 Bb7 12. Nd2 Qc7 13. Qe2 Nc5 14. Rfd1 Rfd8 15. Bxc5 Qxc5 16. Nf1 b5 17. Bb3 bxa4 18. Rxa4 Bc6 19. Rc4 {1-0 (29) Fedoseev,V (2664)-Bocharov,D (2595) Moscow 2016}) 10... b5 {[%emt 0:00:52]} 11. a3 {[%emt 0:01:49]} Bb7 {[%emt 0:07:07]} 12. f3 {[%emt 0:04:01]} Rc8 {[%emt 0:01:32]} 13. Rad1 {[%emt 0:05:04]} Nb6 {[%emt 0:02:59]} 14. Qc1 $146 {[%emt 0:03:04]} ({Predecessor:} 14. Qe1 d5 15. exd5 Nbxd5 16. Nxd5 Nxd5 17. Bd3 f5 {0-1 (25) Salman,S (2010)-Nasanjargal,U (2304) Zaozhuang 2012}) 14... Qc7 {[%emt 0:05:33]} 15. Bf2 {[%emt 0:04:43]} d5 {[%emt 0:01:44]} 16. exd5 {[%emt 0:01:23]} Nbxd5 {[%emt 0:01:13]} 17. Nxd5 {[%emt 0:02:09]} Nxd5 {[%emt 0:02:32]} 18. Bd3 {[%emt 0:05:58]} Nf4 {[%emt 0:00:36]} 19. Qd2 {[%emt 0:04:46]} Rfd8 {[%emt 0:05:05]} 20. Rfe1 {[%emt 0:04:24]} Bd5 $17 {[%emt 0:03:49]} 21. Nc1 {[%emt 0:01:55]} Bf6 {[%emt 0:02:53]} 22. Qe3 {[%emt 0:05:27]} Nxd3 {[%emt 0:03:16]} 23. cxd3 {[%emt 0:00:30]} Be6 {[%emt 0:04:47]} 24. Ne2 {[%emt 0:05:04]} Qc2 {[%emt 0:07:29]} 25. Qd2 {[%emt 0:03:27]} Qxd2 {[%emt 0:06:52]} 26. Rxd2 {[%emt 0:00:07]} Bg5 {[%emt 0:00:17]} 27. Rdd1 {[%emt 0:00:09]} Bb3 {[%emt 0:00:37]} 28. Ra1 {[%emt 0:00:34]} Bd2 {[%emt 0:01:42]} 29. Rf1 {[%emt 0:00:25]} Rc2 {[%emt 0:01:53]} 30. Ng3 {[%emt 0:01:54]} Rxb2 {[%emt 0:01:04]} 31. Ne4 {[%emt 0:00:29]} Rxd3 {[%emt 0:02:51]} 32. Nxd2 {[%emt 0:00:18]} Rdxd2 {[%emt 0:00:20]} 33. Rac1 {[%emt 0:00:59]} h6 {[%emt 0:01:13]} 34. Rce1 {[%emt 0:01:43]} Bc4 {[%emt 0:00:18]} 0-1

[Event "2nd Hersonissos Open 2018"]
[Site "Hersonissos"]
[Date "2018.06.17"]
[Round "1"]
[White "Kealar, Konstantinos"]
[Black "Lirindzakis, Timotheos"]
[Result "0-1"]
[WhiteElo "1323"]
[BlackElo "2163"]
[Annotator "NA"]
[PlyCount "60"]
[EventDate "2018.06.16"]
[EventType "swiss"]
[EventCountry "GRE"]
[SourceTitle "playchess.com"]
[Source "ChessBase"]
[SourceQuality "1"]
[TimeControl "5400+30"]

1. d4 {[%emt 0:00:00]} Nf6 {[%emt 0:00:21]} 2. Bg5 {[%emt 0:00:23]} Ne4 {[%emt 0:01:39]} 3. Bf4 {[%emt 0:01:02]} d5 {[%emt 0:02:32]} 4. e3 {[%emt 0:00:36]} c5 {[%emt 0:02:38]} 5. Nf3 {[%emt 0:01:48]} Nc6 {[%emt 0:00:27]} 6. c4 {[%emt 0:03:09]} cxd4 {[%emt 0:02:50]} 7. Nxd4 {[%emt 0:01:53]} e6 {[%emt 0:13:38]} 8. a3 {[%emt 0:01:28]} Qa5+ {[%emt 0:03:23]} 9. Nd2 {[%emt 0:02:24]} Nxd2 {[%emt 0:03:14]} 10. b4 {[%emt 0:00:21] [#]} Nxb4 $1 {[%emt 0:08:01]} 11. axb4 {[%emt 0:02:04]} Bxb4 {[%emt 0:00:09]} 12. Rxa5 {[%emt 0:00:45]} Ne4+ {[%emt 0:00:25]} 13. Ke2 {[%emt 0:03:14]} Nc3+ {[%emt 0:00:10]} 14. Kd3 {[%emt 0:01:34]} Nxd1 {[%emt 0:00:04]} 15. Rb5 {[%emt 0:00:42]} a5 {[%emt 0:01:51]} 16. cxd5 $19 {[%emt 0:00:32]} (16. Bg3) 16... Nxf2+ {[%emt 0:01:21]} 17. Ke2 {[%emt 0:00:26]} Nxh1 {[%emt 0:00:10]} 18. d6 {[%emt 0:01:30]} f6 {[%emt 0:03:03]} 19. Nc2 {[%emt 0:03:35]} e5 {[%emt 0:00:59]} 20. Nxb4 {[%emt 0:00:06]} axb4 {[%emt 0:00:11]} 21. Rxb4 {[%emt 0:03:28]} exf4 {[%emt 0:00:34]} 22. Rxf4 {[%emt 0:00:08]} Ra2+ {[%emt 0:02:11]} 23. Ke1 {[%emt 0:00:55]} Be6 {[%emt 0:02:57]} 24. Bb5+ {[%emt 0:00:22]} Kf7 {[%emt 0:00:21]} 25. d7 {[%emt 0:02:12]} Rxg2 {[%emt 0:03:11]} 26. Rd4 {[%emt 0:00:19]} Ke7 {[%emt 0:00:37]} 27. Kf1 {[%emt 0:01:10]} Rb2 {[%emt 0:01:50]} 28. Ba4 {[%emt 0:01:11]} b5 {[%emt 0:01:06]} 29. Bd1 {[%emt 0:00:07]} Nf2 {[%emt 0:01:18]} 30. Bf3 {[%emt 0:00:30]} Bxd7 {[%emt 0:01:25]} 0-1

[Event "2nd Hersonissos Open 2018"]
[Site "Hersonissos"]
[Date "2018.06.17"]
[Round "1"]
[White "Alexandrakis, Georgios"]
[Black "Lobersli, Henrik Oie"]
[Result "0-1"]
[WhiteElo "1299"]
[BlackElo "2134"]
[Annotator "NA"]
[PlyCount "66"]
[EventDate "2018.06.16"]
[EventType "swiss"]
[EventCountry "GRE"]
[SourceTitle "playchess.com"]
[Source "ChessBase"]
[SourceQuality "1"]
[TimeControl "5400+30"]

1. d4 {[%emt 0:00:00]} Nf6 {[%emt 0:00:12]} 2. Nf3 {[%emt 0:00:00]} c5 {[%emt 0:00:21]} 3. d5 {[%emt 0:03:48]} b5 {[%emt 0:00:23]} 4. e3 {[%emt 0:12:57]} Qb6 {[%emt 0:02:09]} 5. c4 {[%emt 0:10:18]} bxc4 {[%emt 0:06:15]} 6. a3 {[%emt 0:10:58]} Ba6 {[%emt 0:06:24]} 7. Nc3 {[%emt 0:08:49]} e6 {[%emt 0:02:04]} 8. e4 {[%emt 0:07:36]} Be7 {[%emt 0:03:19]} 9. Be2 {[%emt 0:03:50]} exd5 {[%emt 0:07:20]} 10. exd5 {[%emt 0:03:18]} O-O {[%emt 0:01:02]} 11. O-O {[%emt 0:00:29]} d6 {[%emt 0:00:42]} 12. Re1 {[%emt 0:01:38]} Re8 {[%emt 0:01:10]} 13. Rb1 {[%emt 0:02:59]} Nbd7 {[%emt 0:02:02]} 14. Qa4 {[%emt 0:03:22]} Qb7 {[%emt 0:02:31]} 15. Bxc4 {[%emt 0:05:32]} Bxc4 {[%emt 0:00:39]} 16. Qxc4 {[%emt 0:00:03]} Nb6 {[%emt 0:00:43]} 17. Qb3 {[%emt 0:01:16]} Nfxd5 {[%emt 0:01:58]} 18. Nxd5 {[%emt 0:02:52]} Qxd5 {[%emt 0:00:10]} 19. Qc2 {[%emt 0:03:15]} Bf6 {[%emt 0:03:27]} 20. Be3 {[%emt 0:02:09]} Qc6 {[%emt 0:01:06]} 21. b4 {[%emt 0:03:06]} Rac8 {[%emt 0:05:14]} 22. bxc5 {[%emt 0:02:07]} Nd5 {[%emt 0:03:12]} 23. Bg5 {[%emt 0:02:28]} Rxe1+ {[%emt 0:02:11]} 24. Rxe1 {[%emt 0:00:04]} dxc5 {[%emt 0:00:24]} 25. Qc4 {[%emt 0:01:24]} Nb6 {[%emt 0:04:06]} 26. Qc2 {[%emt 0:01:37]} h6 {[%emt 0:01:08]} 27. Be3 {[%emt 0:01:10]} Nd5 {[%emt 0:03:35]} 28. Bd2 {[%emt 0:01:38]} c4 {[%emt 0:00:45]} 29. Be3 {[%emt 0:02:56]} Nxe3 {[%emt 0:02:11]} 30. Rxe3 {[%emt 0:00:13]} c3 {[%emt 0:00:16]} 31. Re1 {[%emt 0:01:18]} Rb8 {[%emt 0:01:47]} 32. Rc1 {[%emt 0:02:03]} Qc5 {[%emt 0:00:50]} 33. a4 {[%emt 0:00:32]} Rb2 {[%emt 0:00:26]} 0-1

[Event "2nd Hersonissos Open 2018"]
[Site "Hersonissos"]
[Date "2018.06.17"]
[Round "1"]
[White "Tsapaki, Asimenia"]
[Black "Loshkarev, Dmitri"]
[Result "0-1"]
[WhiteElo "1284"]
[BlackElo "2089"]
[Annotator "NA"]
[PlyCount "60"]
[EventDate "2018.06.16"]
[EventType "swiss"]
[EventCountry "GRE"]
[SourceTitle "playchess.com"]
[Source "ChessBase"]
[SourceQuality "1"]
[TimeControl "5400+30"]

1. e4 {[%emt 0:00:00]} e5 {[%emt 0:00:04]} 2. Nf3 {[%emt 0:00:00]} Nc6 {[%emt 0:00:07]} 3. Nc3 {[%emt 0:00:00]} g6 {[%emt 0:00:09]} 4. d4 {[%emt 0:00:12]} exd4 {[%emt 0:00:07]} 5. Nxd4 {[%emt 0:00:10]} Bg7 {[%emt 0:00:04]} 6. Be3 {[%emt 0:00:16]} Nf6 {[%emt 0:00:09]} 7. Be2 {[%emt 0:00:26]} O-O {[%emt 0:00:07]} 8. Qd2 {[%emt 0:00:22]} Re8 {[%emt 0:00:09]} 9. f3 {[%emt 0:00:45]} d5 {[%emt 0:05:19]} 10. Nxc6 {[%emt 0:01:14]} bxc6 {[%emt 0:00:08]} 11. O-O-O {[%emt 0:00:37]} Qe7 {[%emt 0:02:36]} 12. Bd3 {[%emt 0:02:39]} dxe4 {[%emt 0:10:00]} 13. Nxe4 {[%emt 0:00:48]} Nxe4 {[%emt 0:03:26]} 14. Bxe4 {[%emt 0:00:25]} Rb8 15. Bd4 {[%emt 0:01:27]} Rd8 {[%emt 0:06:44]} 16. Qe3 {[%emt 0:01:09]} Rxd4 {[%emt 0:22:35]} 17. Rxd4 $19 {[%emt 0:00:57]} c5 {[%emt 0:16:15]} 18. Rd2 {[%emt 0:02:30]} Bxb2+ {[%emt 0:00:43]} 19. Kd1 {[%emt 0:00:23]} Bd4 {[%emt 0:00:31]} 20. Rxd4 {[%emt 0:04:47]} Rb1+ {[%emt 0:00:47]} 21. Kd2 {[%emt 0:00:41]} cxd4 {[%emt 0:00:41]} 22. Qxd4 {[%emt 0:01:27]} Rxh1 {[%emt 0:00:13]} 23. Qxa7 {[%emt 0:02:11]} Qd6+ {[%emt 0:00:59]} 24. Kc3 {[%emt 0:00:52]} Rxh2 {[%emt 0:01:30]} 25. Qa4 {[%emt 0:02:56]} Bd7 {[%emt 0:01:10]} 26. Qa8+ {[%emt 0:01:06]} Kg7 {[%emt 0:00:09]} 27. Qa5 {[%emt 0:00:58]} Rh5 {[%emt 0:00:57]} 28. Qa7 {[%emt 0:01:08]} Rc5+ {[%emt 0:02:03]} 29. Kb2 {[%emt 0:00:30]} Qd4+ {[%emt 0:00:08]} 30. Kc1 {[%emt 0:00:16]} Rxc2+ 0-1

[Event "2nd Hersonissos Open 2018"]
[Site "Hersonissos"]
[Date "2018.06.17"]
[Round "1"]
[White "Koutsourakis, Emmanouil"]
[Black "Angermuende, Dirk"]
[Result "0-1"]
[WhiteElo "1175"]
[BlackElo "1966"]
[Annotator "NA"]
[PlyCount "100"]
[EventDate "2018.06.16"]
[EventType "swiss"]
[EventCountry "GRE"]
[SourceTitle "playchess.com"]
[Source "ChessBase"]
[SourceQuality "1"]
[TimeControl "5400+30"]

1. d4 {[%emt 0:00:00]} Nf6 {[%emt 0:00:13]} 2. c4 {[%emt 0:00:00]} e6 {[%emt 0:00:06]} 3. Nc3 {[%emt 0:00:00]} Bb4 {[%emt 0:00:08]} 4. a3 {[%emt 0:04:38]} Bxc3+ {[%emt 0:00:07]} 5. bxc3 {[%emt 0:00:09]} c5 {[%emt 0:00:03]} 6. Bg5 {[%emt 0:01:27]} Qa5 {[%emt 0:00:44]} 7. Bd2 {[%emt 0:04:46]} Ne4 {[%emt 0:04:41]} 8. Qc2 {[%emt 0:01:28]} Nxd2 {[%emt 0:00:21]} 9. Qxd2 {[%emt 0:00:42]} Nc6 {[%emt 0:02:10]} 10. e3 {[%emt 0:01:02]} O-O {[%emt 0:01:03]} 11. Bd3 {[%emt 0:01:01]} d6 {[%emt 0:00:28]} 12. Ne2 {[%emt 0:01:19]} Qc7 {[%emt 0:00:23]} 13. O-O {[%emt 0:04:03]} b6 {[%emt 0:00:12]} 14. Qc2 {[%emt 0:08:09]} f5 {[%emt 0:00:51]} 15. e4 {[%emt 0:08:19]} g6 {[%emt 0:02:43]} 16. f3 {[%emt 0:05:31]} Qg7 {[%emt 0:01:13]} 17. Qd2 {[%emt 0:01:31]} cxd4 {[%emt 0:04:52]} 18. exf5 {[%emt 0:03:57]} exf5 {[%emt 0:00:26]} 19. cxd4 {[%emt 0:15:33]} Nxd4 {[%emt 0:00:45]} 20. Qf4 {[%emt 0:01:05]} Nxe2+ {[%emt 0:00:34]} 21. Bxe2 {[%emt 0:00:15]} Qe5 {[%emt 0:00:31]} 22. Qd2 {[%emt 0:04:20]} Ba6 {[%emt 0:00:35]} 23. Rfe1 {[%emt 0:01:20]} Qc5+ {[%emt 0:01:15]} 24. Kf1 {[%emt 0:01:32]} Rfe8 {[%emt 0:01:24]} 25. Qd5+ {[%emt 0:00:33]} Qxd5 {[%emt 0:01:17]} 26. cxd5 {[%emt 0:00:12]} Rxe2 {[%emt 0:00:21]} 27. Rxe2 {[%emt 0:00:36]} Rc8 {[%emt 0:00:57]} 28. Kf2 {[%emt 0:03:52]} Bxe2 {[%emt 0:00:08]} 29. Kxe2 {[%emt 0:00:16]} Kf7 {[%emt 0:01:19]} 30. Kd3 {[%emt 0:02:59]} Ke7 {[%emt 0:00:16]} 31. g4 {[%emt 0:04:49]} fxg4 {[%emt 0:00:48]} 32. fxg4 {[%emt 0:00:07]} Rf8 {[%emt 0:00:15]} 33. Re1+ {[%emt 0:04:15]} Kd7 {[%emt 0:00:14]} 34. Re3 {[%emt 0:02:03]} Rf4 {[%emt 0:01:59]} 35. Rh3 {[%emt 0:04:45]} Rf7 {[%emt 0:00:50]} 36. Re3 {[%emt 0:00:39]} Kc7 {[%emt 0:02:15]} 37. Kc3 {[%emt 0:03:43]} b5 {[%emt 0:00:36]} 38. h3 {[%emt 0:02:03]} Kb6 {[%emt 0:01:27]} 39. Kd4 {[%emt 0:04:35]} Rf4+ {[%emt 0:00:20]} 40. Kc3 {[%emt 0:00:00]} a5 {[%emt 0:00:00]} 41. Rd3 {[%emt 0:00:00]} Kc5 {[%emt 0:00:00]} 42. Kb3 {[%emt 0:00:00]} Rd4 {[%emt 0:00:00]} 43. Rc3+ {[%emt 0:00:00]} Kxd5 {[%emt 0:00:00]} 44. Rc7 {[%emt 0:00:00]} Rd3+ {[%emt 0:00:00]} 45. Kb2 {[%emt 0:00:00]} Rxh3 {[%emt 0:00:00]} 46. Ra7 {[%emt 0:00:00]} a4 {[%emt 0:00:00]} 47. Rf7 {[%emt 0:00:00]} h5 {[%emt 0:00:00]} 48. gxh5 {[%emt 0:00:00]} gxh5 {[%emt 0:00:00]} 49. Rf5+ {[%emt 0:00:00]} Kc4 {[%emt 0:00:00]} 50. Rf4+ {[%emt 0:00:00]} Kc5 {[%emt 0:00:00]} 0-1